Pays d'Afrique par langue d'origine - Statistiques

Statistiques générales
  • Ce quiz a été pris 58 fois
  • Le résultat moyen est 46 sur 54
Statistiques - réponses
Pays dans la langue d'origine Pays en Français % Correct
Sénégal Sénégal
100%
Kenya Kenya
98%
Namibia Namibie
98%
Uganda Ouganda
98%
Botswana Botswana
95%
Komori Comores
95%
Republiki ya Kongó République du Congo
95%
Madagasikara Madagascar
95%
South Sudan Soudan du Sud
95%
Angola Angola
93%
Burkĩna Faso Burkina Faso
93%
Burundi Burundi
93%
Cameroun Cameroun
93%
Côte d'Ivoire Côte d'Ivoire
93%
Gabon Gabon
93%
Gambia Gambie
93%
Ghana Ghana
93%
Guinée Guinée
93%
Guinea Ecuatorial Guinée équatoriale
93%
Liberia Liberia
93%
Malaŵi Malawi
93%
Mali Mali
93%
Muzambiki Mozambique
93%
Nijar Niger
93%
Jamhuri ya Kidemokrasia ya Kongo République démocratique du Congo
93%
Rwanda Rwanda
93%
Soomaaliya Somalie
93%
Tanzania Tanzanie
93%
Togo Togo
93%
Zambia Zambie
93%
Zimbabwe Zimbabwe
93%
Kabu Verdi Cap-Vert
91%
Guiné-Bissau Guinée-Bissau
91%
Lesotho Lesotho
91%
Najeriya Nigeria
91%
eSwatini Eswatini
88%
Moris Maurice
88%
São Tomé e Príncipe Sao Tomé-et-Principe
88%
Iningizimu Afrika Afrique du Sud
84%
المغرب Maroc
77%
الجزاير Algérie
74%
لِيبْيَا Libye
72%
تونس Tunisie
72%
مصر Égypte
65%
ኢትዮጵያ Éthiopie
65%
ኤርትራ Érythrée
60%
Ködörösêse tî Bêafrîka République centrafricaine
60%
Sesel Seychelles
60%
موريتانيا Mauritanie
58%
تشاد Tchad
58%
السودان Soudan
56%
جِيبُوتِي Djibouti
51%
Benɛɛto Bénin
49%
Salone Sierra Leone
49%
Aucun quiz correspondant
Distribution des résultats
% des personnes avec chaque résultat
Percentile par nombre de réponses
Votre historique - résultats
Vous n’avez pas pris ce quiz